| 000 | 01131nas a2200373 4500 | ||
|---|---|---|---|
| 001 | BR2014005202 | ||
| 003 | BR-BrBNA | ||
| 005 | 20231205124417.0 | ||
| 007 | ta | ||
| 008 | 230509b bl.|||p| |||| 00| 00por d | ||
| 040 |
_aBR-BrBNA _bpor _cBiblioteca Nacional de Agricultura |
||
| 041 | _a(Pt) | ||
| 072 | _aL02; L73 | ||
| 100 | 1 | _aCarneiro, S.C.M.C. | |
| 100 | 1 | _aFerreira, R.P. | |
| 100 | 1 | _aFioravanti, M.C.S. | |
| 100 | 1 | _aBarini, A.C. | |
| 100 | 1 | _aStringhini, J.H. | |
| 100 | 1 | _aResende, C.M.F. | |
| 100 | 1 | _aSommer, E. | |
| 100 | 1 | _aOliveira, A.P.A. | |
| 100 | 1 | _aVieira, M.S. | |
| 100 | 1 | _aPaula, W.A. | |
| 100 | 1 | _aAlmeida, R.L. | |
| 100 | 1 | _aMota, I.S. | |
| 245 | 1 | _aSuperalimentação e desenvolvimento do esqueleto de cães da raça Dogue Alemão: aspectos clínicos e radiográficos | |
| 650 | _aCÃO | ||
| 650 | _aDIETA | ||
| 650 | _aDISPLASIA | ||
| 650 | _aRADIOGRÁFIA | ||
| 773 | 0 |
_tArquivo Brasileiro de Medicina Veterinária e Zootecnia (Brazil) _xISSN 0102-0935 _g(Aug 2006), v. 58(4) p. 511-517 _wBR2014005202 |
|
| 909 |
_a202311 _bLúcia _c55 _dLúcia Elande |
||
| 942 |
_2AGRIS _n0 _cANA |
||
| 999 |
_c238930 _d238930 |
||